Catalog

Record Details

Catalog Search



Her father's secret. #2 / Sara Blaedel ; ... Read More

Blædel, Sara,(author.).
Kline, Mark, 1952-(translator.).

Available copies

  • 2 of 2 copies available at LARL/NWRL Consortium.
  • 1 of 1 copy available at Lake Agassiz Regional Library. (Show preferred library)

Current holds

0 current holds with 2 total copies.

Show All Copies
Location Call Number / Copy Notes Barcode Shelving Location Status Due Date
Moorhead Public Library M BLA (Text) 33500013019260 Main Available -
Thief River Falls Public Library BLA (Text) 35500006219263 Main Available -

Record details

  • ISBN: 9781538763254
  • ISBN: 1538763257
  • Physical Description: 310 pages ; 24 cm
  • Edition: First edition.
  • Publisher: New York ; Grand Central Publishing, 2019.

Content descriptions

General Note:
"Originally published as Ilkas arv in 2017 by People's Press in Denmark."
Summary, etc.:
"A woman's murder is only the beginning as a ... Read More
Subject: Murder > Investigation > Fiction.
Stepfamilies > Fiction.
Secrecy > Fiction.
Extortion > Fiction.
Funeral homes > Fiction.
Racine (Wis.) > Fiction.
FICTION / Thrillers / Suspense.
FICTION / Women.
FICTION / Mystery & Detective / Women Sleuths.
Extortion.
Funeral homes.
Murder > Investigation.
Secrecy.
Stepfamilies.
Wisconsin > Racine.
Genre: Mystery fiction.
Detective and mystery fiction.
Fiction.
Mystery fiction.
Detective and mystery fiction.
LDR 02663cam a22006618i 4500
001308058
003LARL_NWRL_CONSORTIUM
00520190311145008.0
008180802s2019 nyu 000 1 eng
010 . ‡a 2018036326
040 . ‡aDLC ‡beng ‡erda ‡cDLC ‡dOCLCO ‡dBDX ‡dIEP ‡dSXP ‡dOCLCO ‡dYDX ‡dDUD ‡dFMG ‡dPCX ‡dUAP ‡dTCH ‡dOCLCO ‡dIDLEW ‡dJSE ‡dOCLCO ‡dTOH ‡dLIV ‡dHQD ‡dOCLCF ‡dZQP ‡dTL4
020 . ‡a9781538763254 ‡q(hardcover)
020 . ‡a1538763257 ‡q(hardcover)
020 . ‡z9781549170829 (audio download)
020 . ‡z9781538763278 (ebook)
035 . ‡a(OCoLC)1043565900
0411 . ‡aeng ‡hswe
042 . ‡apcc
08200. ‡a839.813/8 ‡223
1001 . ‡aBlædel, Sara, ‡eauthor. ‡0(LARL_NWRL_CONSORTIUM)221314
24010. ‡aIlkas arv. ‡lEnglish
24510. ‡aHer father's secret. ‡n#2 / ‡cSara Blaedel ; translated by Mark Kline.
250 . ‡aFirst edition.
264 1. ‡aNew York ; ‡aBoston : ‡bGrand Central Publishing, ‡c2019.
300 . ‡a310 pages ; ‡c24 cm
336 . ‡atext ‡btxt ‡2rdacontent
337 . ‡aunmediated ‡bn ‡2rdamedia
338 . ‡avolume ‡bnc ‡2rdacarrier
4900 . ‡aFamily secrets ; ‡v2
500 . ‡a"Originally published as Ilkas arv in 2017 by People's Press in Denmark."
520 . ‡a"A woman's murder is only the beginning as a daughter races to unravel the maze of secrets her father left behind--before she becomes the next victim." -- ‡cProvided by publisher
650 0. ‡aMurder ‡xInvestigation ‡vFiction. ‡0(LARL_NWRL_CONSORTIUM)166203
650 0. ‡aStepfamilies ‡vFiction. ‡0(LARL_NWRL_CONSORTIUM)167410
650 0. ‡aSecrecy ‡vFiction. ‡0(LARL_NWRL_CONSORTIUM)167261
650 0. ‡aExtortion ‡vFiction. ‡0(LARL_NWRL_CONSORTIUM)164841
650 0. ‡aFuneral homes ‡vFiction.
651 0. ‡aRacine (Wis.) ‡vFiction.
650 7. ‡aFICTION / Thrillers / Suspense. ‡2bisacsh
650 7. ‡aFICTION / Women. ‡2bisacsh
650 7. ‡aFICTION / Mystery & Detective / Women Sleuths. ‡2bisacsh
650 7. ‡aExtortion. ‡2fast ‡0(LARL_NWRL_CONSORTIUM)177454
650 7. ‡aFuneral homes. ‡2fast ‡0(LARL_NWRL_CONSORTIUM)36279
650 7. ‡aMurder ‡xInvestigation. ‡2fast ‡0(LARL_NWRL_CONSORTIUM)26286
650 7. ‡aSecrecy. ‡2fast ‡0(LARL_NWRL_CONSORTIUM)177394
650 7. ‡aStepfamilies. ‡2fast ‡0(LARL_NWRL_CONSORTIUM)31890
651 7. ‡aWisconsin ‡zRacine. ‡2fast
655 4. ‡aMystery fiction.
655 7. ‡aDetective and mystery fiction. ‡2fast
655 7. ‡aFiction. ‡2fast
655 7. ‡aMystery fiction. ‡2gsafd
655 7. ‡aDetective and mystery fiction. ‡2lcgft
7001 . ‡aKline, Mark, ‡d1952- ‡etranslator.
901 . ‡a308058 ‡bOCoLC ‡c308058 ‡tbiblio ‡soclc

Additional Resources